La piel de zapa
Spremljeno u:
| Glavni autor: | |
|---|---|
| Format: | Knjiga |
| Jezik: | španjolski |
| Izdano: |
Buenos Aires
Grandes Autores
1944
|
| Teme: | |
| Oznake: |
Dodaj oznaku
Bez oznaka, Budi prvi tko označuje ovaj zapis!
|
MARC
| LEADER | 00000nam a2200000 a 4500 | ||
|---|---|---|---|
| 001 | UCX6847 | ||
| 003 | CL-VaPUC | ||
| 008 | 930825e19440000AG |||||||||||||||||spa|d | ||
| 082 | 0 | 4 | |a 843 |b BAL |2 21 |
| 100 | |a Balzac, Honoré de |e author |9 265437 | ||
| 245 | 1 | 3 | |a La piel de zapa |
| 300 | |a 222 p | ||
| 942 | |c BK | ||
| 945 | |d 19930825 00:00:00 | ||
| 260 | |a Buenos Aires |b Grandes Autores |c 1944 | ||
| 650 | 0 | |a Novela francesa |9 264985 | |
| 583 | |a last modification |c 20190726 08:43:36 |k Rodrigo Vera | ||
| 999 | |c 226793 |d 226791 | ||
| 952 | |0 0 |1 0 |4 0 |6 843_000000000000000_BAL_1944 |7 0 |8 A |9 225401 |a BIBEDU |b BIBEDU |d 2019-11-15 |i 294099K |o 843 BAL 1944 |p 294099K |r 2019-11-15 |w 2019-11-15 |y BK |k LIT | ||